The realm of Osiris : mummies, coffins, and Ancient Egyptian funerary art in the Michael C. Carlos Museum /

Saved in:

Corporate Author: Michael C. Carlos Museum.

Other Authors: Trope, Betsy Teasley.

Format: Book

Language: English

Published: Atlanta : Emory University, 2001.

Subjects:

Tags: Add Tag

No Tags, Be the first to tag this record!

Call Number: DT59 .A895 M53 2001

LEADER 01041namaa2200301 4500
001 13426
003 OSt
005 20260510050714.0
008 130303s2001 gauab bc 001 0 eng d
010 |a 2002513311 
020 |a 9781928917045 
020 |a 1928917046 
040 |c ARCE Library 
043 |a f-ua--- 
050 4 |a DT59 .A895 M53 2001 
110 2 |a Michael C. Carlos Museum. 
245 1 4 |a The realm of Osiris :  |b mummies, coffins, and Ancient Egyptian funerary art in the Michael C. Carlos Museum /  |c edited by Peter Lacovara and Betsy Teasley Trope. 
264 1 |a Atlanta :   |b Emory University,   |c 2001. 
300 |a xxi, 73 pages :  |b illustrations (some color), map ;  |c 27 cm. 
504 |a Includes bibliographical references (page 70) and index. 
650 0 |a Art, Egyptian  |v Catalogs. 
650 0 |a Funeral rites and ceremonies   |z Egypt. 
651 0 |a Egypt  |x Antiquities  |v Catalogs. 
700 1 |a Trope, Betsy Teasley.  |9 41276 
710 2 |a Michael C. Carlos Museum. 
901 |a reviewed 
942 |c BK  |2 lcc 
999 |c 13319  |d 13319